000 01175cam a22003014a 4500
005 20260322212033.0
008 data
010 _a 2004007031
020 _a0060724331 (pbk.)
020 _a9780060724337 (pbk.)
040 _aDLC
_cDLC
_dDLC
042 _apcc
050 0 0 _aN7433.8
_b.B87 2004
082 0 0 _a776
_222
092 _a776 B87 2004
100 1 _aBurns, Michael,
_d1968-
245 1 0 _aDigital sci-fi art :
_ba step-by-step guide to creating stunning, futuristicic images /
_cMichael Burns.
260 _aNew York, NY :
_bHarper Design International,
_c2004.
300 _a159 p. :
_bcol. ill. ;
_c24 cm.
500 _aIncludes index.
650 0 _aDigital art
_xTechnique.
650 0 _aScience fiction
_vIllustrations.
856 4 1 _3Table of contents
_uhttp://www.loc.gov/catdir/toc/ecip0416/2004007031.html
906 _a7
_bcbc
_corignew
_d1
_eecip
_f20
_gy-gencatlg
925 0 _aacquire
_b2 shelf copies
_xpolicy default
955 _djh34 2004-03-25 to SL
_ejh85 2004-03-25 to Dewey
_fjh52 2005-05-19
_gjh52 2005-05-20 to BCCD
001 data
999 _c762
_d762